00285nam a2200121Ia 4500008004100000082001300041100001600054245002600070250000800096260004300104300000800147650000800155191201s2012 xx 000 0 und d a657bPAM aPANDEY, I M 0aManagement Accounting a2nd aN.DelhibVikas Publication Housec2012 a608 aMBA